Zagraniczni żużlowcy w drużynie z Częstochowy - Statystyki

Ogólne statystyki
  • Ten quiz został rozwiązany 243 razy
    161 od ostatniego zresetowania
  • Średni wynik to 22 z 54
Statystyki odpowiedzi
Narodowość Lata startów Odpowiedź % Poprawnych
Dania 2017-22 Leon Madsen
97%
Szwecja 2018-22 Fredrik Lindgren
94%
Słowenia 2017-19 Matej Zagar
86%
Australia 2020 Jason Doyle
82%
USA 2006-09 Greg Hancock
80%
Rosja 2011-14 Grigorij Łaguta
80%
Norwegia 1999-05, 10, 13-14, 17, 20 Rune Holta
80%
Wielka Brytania 2008-10 Tai Woffinden
80%
Dania 2008-09 Nicki Pedersen
79%
Rosja 2011 Artiom Łaguta
77%
Szwecja 2002-03, 17 Andreas Jonsson
72%
Rosja 2013 Emil Sayfutdinow
69%
Dania 2021-22 Jonas Jeppesen
64%
Czechy 2011 Ales Dryml
59%
Czechy 2007 Lukas Dryml
59%
Dania 2013-14 Michael Jensen
56%
Wielka Brytania 2012 Chris Harris
55%
Szwecja 2007 Antonio Lindbaeck
54%
Australia 2001-06 Ryan Sullivan
54%
Wielka Brytania 1992, 94-97 Joe Screen
47%
Dania 2014 Peter Kildemand
46%
Wielka Brytania 2006-09 Lee Richardson
45%
Szwecja 2016 Thomas Jonasson
43%
Dania 2012 Kenneth Bjerre
42%
Wielka Brytania 1992, 99-00 Mark Loram
42%
Szwecja 2011-12 Daniel Nermark
39%
Szwecja 2010-11 Peter Karlsson
38%
Dania 2018 Andreas Lyager
36%
USA 1997 Sam Ermolenko
35%
Wielka Brytania 2007-10 Lewis Bridger
34%
Słowenia 2001 Matej Ferjan
31%
Dania 2016 Nicolai Klindt
30%
Szwecja 2006 Peter Ljung
30%
Dania 2001 Brian Andersen
29%
Szwecja 2016 Jacob Thorssell
27%
Wielka Brytania 2007-08 Edward Kennett
24%
Australia 1991,98 Todd Wiltshire
22%
Szwecja 2010 Jonas Davidsson
21%
Finlandia 2000 Joonas Kylmaekorpi
21%
Australia 2002 Jason Lyons
20%
Niemcy 2006 Christian Hefenbrock
17%
Wielka Brytania 1998 Gary Havelock
17%
Czechy 1991, 93 Jan Holub
13%
Szwecja 2003 David Ruud
12%
Dania 1994-96, 99 Jan Staechmann
11%
Czechy 1991-94 Petr Vandirek
11%
Rosja 2013 Oleg Biesczastnow
10%
USA 1991 Rick Miller
10%
USA 1992 Bobby Ott
9%
Australia 1995-97 Shane Parker
9%
Austria 1993 Heinrich Schatzer
7%
Australia 1999 Nigel Sadler
7%
Wielka Brytania 1999 Paul Hurry
7%
Rosja 1998 Rinat Mardanszin
5%
Nie znaleziono quizów pasujących do podanych kryteriów
Rozkład punktacji
Procent ludzi z każdym wynikiem
Percentyl według liczby udzielonych odpowiedzi
Twoja historia wyników
Nie rozwiązałeś tego quizu od ostatniego zresetowania